| 000 | 01038cam a22003015a 4500 | ||
|---|---|---|---|
| 999 |
_c26106 _d26078 |
||
| 001 | 014140505 | ||
| 003 | EG-ScBUE | ||
| 005 | 20200823114031.0 | ||
| 008 | 060905s2009 ii f d 000 0 eng d | ||
| 020 | _a9788189741822 | ||
| 020 | _a8189741829 | ||
| 040 |
_aUk _beng _erda _cUk _dEG-ScBUE |
||
| 082 | 0 | 4 |
_a621.303 _bRED _222 |
| 100 | 1 |
_aReddy, A. R. _q(Alla Ramalinga), _eauthor. |
|
| 245 | 1 | 0 |
_aDictionary of electronics & telecommunications engineering / _cA. R. Reddy. |
| 246 | 3 | _aDictionary of electronics and telecommunications engineering | |
| 264 | 1 |
_aNew Delhi : _bSBS Publishers & Distrbutors Pvt. Ltd., _c2009. |
|
| 300 |
_avi, 393 pages ; _c19 cm. |
||
| 336 |
_2rdacontent _atext _btxt |
||
| 337 |
_2rdamedia _aunmediated _bn |
||
| 338 |
_2rdacarrier _avolume _bnc |
||
| 490 | 0 | _aSBS dictionary | |
| 650 | 7 |
_aElectrical engineering _vDictionaries. _2BUEsh |
|
| 650 | 7 |
_aTelecommunication _vDictionaries. _2BUEsh |
|
| 653 |
_bENGGEN _bENGELC _bGGEN _cFebruary2018 |
||
| 655 |
_vReading book _934232 |
||
| 942 |
_2ddc _cREFERENCE |
||